Statistics for Q Vocabulary Words Quiz

Click here to take the quiz!

General Stats

  • This quiz has been taken 38,062 times
  • The average score is 12 of 22

Answer Stats

DefinitionWord% Correct
Pen made from a bird featherQuill
93%
To relieve thirstQuench
91%
Site for mining stoneQuarry
82%
To line upQueue
81%
Fake or incompetent doctorQuack
75%
Carrying case for arrowsQuiver
73%
An angry disputeQuarrel
72%
Witty remarkQuip
70%
A peculiar mannerismQuirk
69%
PierQuay
61%
Sub-atomic particle that
is inside protons and neutrons
Quark
56%
Swampy area; Or, a predicamentQuagmire
52%
Anti-malarial substanceQuinine
51%
Silicon dioxideQuartz
43%
Extremely distant stellar objectQuasar
42%
Number required for voteQuorum
40%
Pear-shaped fruitQuince
37%
To drink heartilyQuaff
33%
To voice a trivial objectionQuibble
29%
Absurdly chivalrous in the manner
of a character by Cervantes
Quixotic
28%
Type of clamQuahog
26%
Pang of conscienceQualm
20%

Score Distribution

Percentile by Number Answered

Percent of People with Each Score

Your Score History

You have not taken this quiz